Представление документа в формате RUSMARC

ПолеНазваниеЗначение
  Тип записи a
  Библиографический уровень m
001 Контрольный номер 597d3541fd62410ab82b6d3eaea3ce97
005 Дата корректировки 20201206205207.6
010 Индекс ISBN __
a ISBN 978-5-9691-1760-0 (в пер.)
d Цена 950-07, 2000 экз.
100 Данные общей обработки __
a Данные общей обработки 19190715d2018||||||| 0rusy0189 ca
101 Язык документа 0_
a Язык текста rus
102 Страна публикации __
a Страна публикации ru
102 Страна публикации __
a Страна публикации RU
105 Кодированные данные (монография) __
a Кодированные данные (монография) ||ao||||000zy
200 Заглавие и сведения об ответственности 1_
a Заглавие Голубиная книга анархиста
e Сведения, относящиеся к заглавию [роман]
f Первые сведения об ответственности Олег Ермаков ; [художник Валерий Калныньш]
b Общее обозначение материала Текст
210 Выходные данные __
a Место издания Москва
c Издательство Время
d Дата издания 2018
215 Физическое описание __
a Объем 767 с., [2] л. ил.
c Иллюстрации/тип воспроизводства ил.
d Формат 17 см
225 Серия __
a Серия Серия "Самое время!"
330 Аннотация __
a Аннотация Новый роман Олега Ермакова, лауреата двух главных российских литературных премий - "Ясная Поляна" и "Большая книга" - не является прямым продолжением его культовой "Радуги и Вереска". Но можно сказать, что он вытекает из предыдущей книги, вбирая в свой мощный сюжетный поток и нескольких прежних героев, и новых удивительных людей глубинной России: вышивальщицу, фермера, смотрителя старинной усадьбы Птицелова и его друзей, почитателей Велимира Хлебникова, искателей "Сундука с серебряной горошиной". История Птицелова - его французский вояж - увлекательная повесть в романе. Да и сами главные герои не только колоритны, но и актуальны: анархист-толстовец, спасающийся от преследования за крамольный пост в своем блоге, придурковатая нищенка, поющая духовные песни. Река влечет героев, и они обретают свой остров, где начинается для них новый отсчет эры свободы и любви.
333 Примечание о целевом назначении __
a Примечание о целевом назначении 16+. Для детей старше 16 лет
606 Тематические рубрики __
a Основная рубрика Художественная литература
606 Тематические рубрики __
a Основная рубрика Современная русская литература (произведения)
610 Ключевые слова __
a Ключевые слова тема бродяжничества
610 Ключевые слова __
a Ключевые слова романы
610 Ключевые слова __
a Ключевые слова проза
610 Ключевые слова __
a Ключевые слова тема путешествий
610 Ключевые слова __
a Ключевые слова тема приключений
610 Ключевые слова __
a Ключевые слова тема жизни
610 Ключевые слова __
a Ключевые слова тема людей
610 Ключевые слова __
a Ключевые слова современная проза
686 Индексы других классификаций __
2 Код системы rubbks
a Классификационный индекс 84(2=411.2)6-4; ст84(2=411.2)6-4
700 Автор _1
a Фамилия Ермаков
b Имя О. Н.
f Даты 1961-
g Полное личное имя Олег Николаевич
4 Код отношения 070
702 Вторичная интеллектуальная ответственность _1
a Фамилия Калныньш
b Имя В.
4 Код отношения Художник
g Полное личное имя Валерий
4 Код отношения 040
801 Источник записи _0
a Страна ru
b Организация Муниципальное бюджетное учреждение культуры "Централизованная библиотечная система" г. Сургут (Центральная городская библиотека им. А. С. Пушкина)
c Дата составления 20190715
g Правила каталогизации PSBO
801 Источник записи _1
a Страна ru
b Организация Муниципальное бюджетное учреждение культуры "Централизованная библиотечная система" г. Сургут (Центральная городская библиотека им. А. С. Пушкина)
c Дата составления 20190715
g Правила каталогизации PSBO
852 Данные о местонахождении __
j Шифр хранения 84(2=411.2)6-4
i Авторский знак Е 72
901 Тип документа __
t Тип документа m
a Ответственный ООФиК/Волкова
903 Характеристики (МАРС) __
a Дата передачи 20190715
990 Данные о заказе (DOS) __
j Количество экземпляров (DOS) 7
t N записи в КСУ для И/У (DOS) 201908